000 00313 a2200157 4500
001 161293
020 _a
040 _cMagnum
100 _a-
240 1 0 _aOs cisnes selvagens/globo
_lpor
245 1 0 _aOs cisnes selvagens/globo
362 0 _a1899
440 1 _aGlobo
697 _aIJ/ANIMAIS
942 _cBK
999 _c161293
_d161293